00185nam a2200073Ia 4500008004100000082000800041100002300049245003900072240331s9999 xx 000 0 und d bDES ade Silva, K.M.. ed 0aSri Lanka :bpoblems of governance